WHOSE WORLD IS IT ANYWAY (Record no. 33362)
[ view plain ]
| 000 -LEADER | |
|---|---|
| fixed length control field | 00289nam a22001337a 4500 |
| 003 - CONTROL NUMBER IDENTIFIER | |
| control field | SGT |
| 020 ## - INTERNATIONAL STANDARD BOOK NUMBER | |
| International Standard Book Number | 9780969981671 |
| 082 ## - DEWEY DECIMAL CLASSIFICATION NUMBER | |
| Classification number | 341.23 |
| Item number | FOS |
| 100 ## - MAIN ENTRY--PERSONAL NAME | |
| Personal name | FOSTER JOHN W |
| 245 ## - TITLE STATEMENT | |
| Title | WHOSE WORLD IS IT ANYWAY |
| 260 ## - PUBLICATION, DISTRIBUTION, ETC. (IMPRINT) | |
| Place of publication, distribution, etc | CANADA |
| Name of publisher, distributor, etc | UN ASSOCIATION |
| Year of Publication | 1998 |
| 300 ## - PAGE DESCRIPTION | |
| No. of Pages | 348 |
| 942 ## - ADDED ENTRY ELEMENTS (KOHA) | |
| Source of classification or shelving scheme | Dewey Decimal Classification |
| Koha item type | Books |
| Withdrawn status | Lost status | Source of classification or shelving scheme | Damaged status | Not for loan | Collection code | Home library | Current library | Date acquired | SGTU | Total Checkouts | Full call number | Accession No. (Barcode) | Date last seen | Bill Date | Koha item type |
|---|---|---|---|---|---|---|---|---|---|---|---|---|---|---|---|
| Dewey Decimal Classification | Not For Loan | LAW | SGT Science & Social Sciences Library | SGT Science & Social Sciences Library | 16/01/2026 | SGTU | 341.23 FOS | FL3913 | 16/01/2026 | 16/01/2026 | Books |